Wszyscy prezydenci USA - Statystyki

Ogólne statystyki
  • Ten quiz został rozwiązany 13 797 razy
    8 810 od ostatniego zresetowania
  • Średni wynik to 21 z 47
Statystyki odpowiedzi
Nr. Imię i nazwisko Lata pełnienia kadencji Partia % Poprawnych
45 Donald Trump 2017-2021 Partia Republikańska
98%
47 Donald Trump 2025- Partia Republikańska
98%
44 Barack Obama 2009-2017 Partia Demokratyczna
95%
46 Joe Biden 2021-2025 Partia Demokratyczna
94%
1 George Washington 1789-1797 bezpartyjny
91%
43 George W. Bush 2001-2009 Partia Republikańska
83%
35 John F. Kennedy 1961-1963† Partia Demokratyczna
83%
41 George H.W. Bush 1989-1993 Partia Republikańska
82%
16 Abraham Lincoln 1861-1865† Partia Republikańska
81%
32 Franklin Delano Roosevelt 1933-1945† Partia Demokratyczna
73%
42 Bill Clinton 1993-2001 Partia Demokratyczna
72%
26 Theodore Roosevelt 1901-1909 Partia Republikańska
72%
40 Ronald Reagan 1981-1989 Partia Republikańska
71%
37 Richard Nixon 1969-1974 Partia Republikańska
63%
33 Harry Truman 1945-1953 Partia Demokratyczna
59%
34 Dwight Eisenhower 1953-1961 Partia Republikańska
53%
39 Jimmy Carter 1977-1981 Partia Demokratyczna
47%
28 Woodrow Wilson 1913-1921 Partia Demokratyczna
47%
38 Gerald Ford 1974-1977 Partia Republikańska
46%
3 Thomas Jefferson 1801-1809 Partia Republikańsko-Demokratyczna
46%
36 Lyndon B. Johnson 1963-1969 Partia Demokratyczna
43%
17 Andrew Johnson 1865-1869 Partia Demokratyczna
41%
6 John Quincy Adams 1825-1829 Partia Republikańsko-Demokratyczna / Partia Narodowo-Republikańska
41%
2 John Adams Jr. 1797-1801 Partia Federalistyczna
40%
31 Herbert Hoover 1929-1933 Partia Republikańska
35%
18 Ulysses Grant 1869-1877 Partia Republikańska
29%
7 Andrew Jackson 1829-1837 Partia Demokratyczna
27%
5 James Monroe 1817-1825 Partia Republikańsko-Demokratyczna
26%
20 James Garfield 1881-1881† Partia Republikańska
23%
4 James Madison 1809-1817 Partia Republikańsko-Demokratyczna
23%
25 William McKinley 1897-1901† Partia Republikańska
23%
22 Grover Cleveland 1885-1889 Partia Demokratyczna
22%
24 Grover Cleveland 1893-1897 Partia Demokratyczna
22%
23 Benjamin Harrison 1889-1893 Partia Republikańska
21%
30 John Calvin Coolidge Jr. 1923-1929 Partia Republikańska
21%
8 Martin Van Buren 1837-1841 Partia Demokratyczna
21%
9 William Henry Harrison 1841-1841† Partia Wigów
21%
27 William Taft 1909-1913 Partia Republikańska
21%
11 James K. Polk 1845-1849 Partia Demokratyczna
19%
12 Zachary Taylor 1849-1850† Partia Wigów
19%
10 John Tyler 1841-1845 Partia Wigów
18%
29 Warren Harding 1921-1923† Partia Republikańska
18%
15 James Buchanan 1857-1861 Partia Demokratyczna
17%
21 Chester Arthur 1881-1885 Partia Republikańska
16%
13 Millard Fillmore 1850-1853 Partia Wigów
16%
14 Franklin Pierce 1853-1857 Partia Demokratyczna
15%
19 Rutherford Hayes 1877-1881 Partia Republikańska
14%
Nie znaleziono quizów pasujących do podanych kryteriów
Rozkład punktacji
Procent ludzi z każdym wynikiem
Percentyl według liczby udzielonych odpowiedzi
Twoja historia wyników
Nie rozwiązałeś tego quizu od ostatniego zresetowania